Vincitori FIFA Puskás Award - Statistics

Statistiche generali
  • Questo quiz è stato fatto 21 volte
    2 dall'ultimo reset
  • Il punteggio medio è 8 su 16
Statistiche sulle risposte
Edizione Nazione Squadra Avversario Competizione Calciatore % Corretto
2024 Argentina Manchester Utd Everton Premier League 2023-2024 Alejandro Garnacho
100%
2009 Portogallo Manchester United Porto Quarti di finale della UEFA Champions League 2008-2009 Cristiano Ronaldo
100%
2018 Egitto Liverpool Everton Premier League 2017-2018 Mohamed Salah
100%
2013 Svezia Svezia Inghilterra Amichevole Zlatan Ibrahimović
100%
2021 Argentina Tottenham Arsenal Premier League 2020-2021 Erik Lamela
50%
2010 Turchia Turchia Kazakistan Qualificazioni al campionato europeo di calcio 2012 - Gruppo A Hamit Altıntop
50%
2014 Colombia Colombia Uruguay Ottavi di finale del campionato mondiale di calcio 2014 James Rodríguez
50%
2011 Brasile Santos Flamengo Campeonato Brasileiro Série A 2011 Neymar
50%
2017 Francia Arsenal Crystal Palace Premier League 2016-2017 Olivier Giroud
50%
2020 Corea del Sud Tottenham Burnley Premier League 2019-2020 Son Heung-min
50%
2015 Brasile Goianésia Atletico Goianiense Campionato Goiano 2015 Wendell Lira
50%
2019 Ungheria Debrecen Ferencváros Nemzeti Bajnokság I 2018-2019 Dániel Zsóri
0%
2023 Brasile Botafogo-SP Grêmio Novorizontino Campeonato Brasileiro Série B 2023 Guilherme Madruga
0%
2022 Polonia Warta Poznań Stal Rzeszów PZU Amp Futbol Ekstraklasa 2022 Marcin Oleksy
0%
2012 Slovacchia Fenerbahçe Gençlerbirliği Süper Lig 2011-2012 Miroslav Stoch
0%
2016 Malaysia Penang Pahang Malaysia Super League 2016 Mohd Faiz Subri
0%
Nessun quiz corrispondente trovato
Distribuzione punteggi
Percentuale di utenti per punteggio
Percentile per numero di risposta
I tuoi punteggi nel tempo
Non hai fatto questo quiz dall'ultimo reset